| 000 | 00486nam a2200181Ia 4500 | ||
|---|---|---|---|
| 003 | GCL | ||
| 008 | 140319s9999 xx 000 0 eng d | ||
| 040 |
_aGCL / _cGCL |
||
| 082 | 0 | 4 |
_a843 _bL M |
| 100 | 1 | _aLOUIS PHILIPPE, CHARLES | |
| 245 | 1 | 0 |
_aLA MERE ET L'ENFANT LA PERE PERDRIX / _cLOUIS PHILIPPE, CHARLES |
| 260 |
_a[S.N] : _bGALLIMARD ، _c1983 |
||
| 300 | _a302 P | ||
| 490 |
_aCOLLECTION FOLIO _v0 |
||
| 650 | 0 | 4 | _aLITERATURE |
| 650 | 0 | 4 | _aFRENCH LITERATURE |
| 942 |
_2ddc _cBK |
||
| 999 |
_c23358 _d23358 |
||